00462nam a2200121Ia 45000010005000000080041000052450135000462600031001813000020002125460020002326500069002526510019003216601260622s9999 xx 000 0 und d 0aCity Incarnation: An Anatomy of Damascus City/ Iyas Yosef Shahinbالمدينة كجسد دمشق/ إياس يوسف شاهين aDamascus; bIW-Lab; c2019 a100p; c21x15cm aEnglish; Arabic aNA9000-9428 Aesthetics of Cities. Urban planning and Beautifying aSyriaDamascus